Comentarios de erudición : "libro decimosexto" /
Saved in:
| Hovedforfatter: | |
|---|---|
| Andre forfattere: | |
| Format: | Electronisk eBog |
| Sprog: | spansk |
| Udgivet: |
Madrid : Frankfurt am Main :
Iberoamericana : Consejo Superior de Investigaciones Científicas ; Vervuert,
[2010]
|
| Serier: | Clásicos hispánicos (Instituto de Lengua, Literatura, y Antropología (Consejo Superior de Investigaciones Científicas (Spain))) ;
no. 3. |
| Fag: | |
| Online adgang: | Digitalia Hispánica |
| Tags: |
Tilføj Tag
Ingen Tags, Vær først til at tagge denne postø!
|
MARC
| LEADER | 00000nam a2200000Ii 4500 | ||
|---|---|---|---|
| 001 | DIGIBE0978 | ||
| 003 | NyNyDIG | ||
| 006 | m o d | ||
| 007 | cr ||||||||||| | ||
| 008 | 220218s2010 sp ob 000 0 spa d | ||
| 035 | |a (OCoLC)1237409170 | ||
| 040 | |a DGITA |b eng |e rda |e pn |c DGITA | ||
| 020 | |a 9783964561411 |q eBook |q pdf | ||
| 020 | |z 9788484895695 |q Iberoamericana | ||
| 020 | |z 9783865276179 |q Vervuert | ||
| 020 | |z 9788400092450 |q CSIC | ||
| 050 | 1 | 4 | |a PA6410 ebook |
| 100 | 1 | |a Jiménez Patón, Bartolomé, |e author. | |
| 245 | 1 | 0 | |a Comentarios de erudición : |b "libro decimosexto" / |c Bartolomé Jiménez Patón ; edición crítica, introducción y notas de María del Carmen Bosch Juan [and 3 others] |
| 264 | 1 | |a Madrid : |b Iberoamericana : |b Consejo Superior de Investigaciones Científicas ; |a Frankfurt am Main : |b Vervuert, |c [2010] | |
| 300 | |a 1 online resource. | ||
| 336 | |a text |b txt |2 rdacontent | ||
| 337 | |a computer |b c |2 rdamedia | ||
| 338 | |a online resource |b cr |2 rdacarrier | ||
| 347 | |a text file |2 rdaft | ||
| 347 | |b PDF | ||
| 490 | 1 | |a Clásicos hispánicos. Nueva época ; |v no. 3 | |
| 504 | |a Includes bibliographical references. | ||
| 588 | 0 | |a Online resource; title from PDF title page (Digitalia, viewed February 18, 2022) | |
| 600 | 0 | 0 | |a Horace. |t Carmina. |
| 655 | 0 | |a Electronic books. | |
| 700 | 1 | |a Bosch, Maria del Carmen, |e editor. | |
| 791 | 2 | |a Digitalia (Firm), |e distributor. | |
| 793 | 0 | |g Digitalia eBook Collection: |a Iberoamericana/Vervuert | |
| 776 | 0 | 8 | |i Print version: |a Jiménez Patón, Bartolomé. |t Comentarios de erudición. |d Madrid : Iberoamericana : Consejo Superior de Investigaciones Científicas ; Frankfurt am Main : Vervuert, [2010] |z 9788484895695 |
| 830 | 0 | |a Clásicos hispánicos (Instituto de Lengua, Literatura, y Antropología (Consejo Superior de Investigaciones Científicas (Spain))) ; |v no. 3. | |
| 856 | 4 | 0 | |3 Digitalia Hispánica |u https://digitalia.unach.elogim.com/a/101924/ |
| 910 | |a Premium collection: 2022 | ||